Datum a čas kvízu

25 Celkem bodů Celkový počet nahraných bodů na tomto kvízu bez doplňovacích otázek.
11. Pořadí na kvízu Konečné umístění týmu na tomto kvízu.

Zaznamenané odpovědi

# Otázka Odpověď Body Výsledky
1. KSČM ve čtvrtek ukončila člens... Jiří Dolejš 0
2. V úterý se v metropoli jedné b... v Rijádu 0
3. Minulý týden jsme se dozvěděli... Post Malone 1
4. Vedení sítě provozoven jistého... KFC 0
5. V pátek vyvrcholil v americkém... 4 Nations (Face Off)/Turnaj čtyř zemí 0
6. Nyní se od aktualit přesuneme... 1D 2C 3A 4B 1
7. Mladší generace éru druhohor p... sauropodi (Sauropoda) 0
8. Většina fosilií dinosaurů byla... Burianosaurus augustai 0.5
9. Americký spisovatel a scenáris... Michael Crichton 0
10. Na fotce vidíme mumii a rekons... Ötzi 1